Ajuste por inflación - Cierres 30 de junio 2024- Entes incluidos en la Resolución Técnica 41 (Registro nro. 10674)

Detalles MARC
000 -LEADER
fixed length control field 00432 a2200121 4500
001 - CONTROL NUMBER
control field ART_61563
005 - DATE AND TIME OF LATEST TRANSACTION
control field 20260410161611.0
008 - FIXED-LENGTH DATA ELEMENTS--GENERAL INFORMATION
fixed length control field 260409a
100 1# - MAIN ENTRY--PERSONAL NAME
Personal name Veiras, Alberto
245 10 - TITLE STATEMENT
Title Ajuste por inflación - Cierres 30 de junio 2024- Entes incluidos en la Resolución Técnica 41
700 1# - ADDED ENTRY--PERSONAL NAME
Personal name Paulone, Héctor Mauricio
773 0# - HOST ITEM ENTRY
Title Profesional & Empresaria
Related parts - Año XXVI, Nº 299 (sep./oct. 2024)
Record control number REV70

No hay ítems disponibles.